| 000 | 00357cam a2200145ua 4500 | ||
|---|---|---|---|
| 041 |
_aeng _h |
||
| 082 |
_a425 _bMAJ/HI |
||
| 100 | _aMajundar, M . | ||
| 245 |
_ahigher English composition / _cMajumadar. _hTextual Documents |
||
| 260 |
_aCalcutta : _bBookland Pvt Ltd , _c1962. |
||
| 300 | _a185 ; . | ||
| 504 | _a | ||
| 942 | _cBK | ||
| 999 |
_c12436 _d12436 |
||